Personnages de Breaking Bad en images (Extrême) - Statistiques

Statistiques générales
  • Ce quiz a été pris 115 fois
  • Le résultat moyen est 26 sur 174
Statistiques - réponses
Par images Hint Réponse % Correct
Tueur d'enfant Todd Alquist
91%
Patron et amant de Skyler Theodore "Ted" Benekee
85%
Ami de J. Badger
83%
Garde du corps Saul Huell Babineaux
80%
The Chicken Man Gustavo Fring
73%
Homme de main Gus Mike Ehrmantraut
73%
Chimiste Gale Boetticher
70%
Ex de J. Jane Margolis
66%
Avocat de la défense publique Jimmy Mcgill
66%
Le beau-frère Hank Schrader
64%
Chef du cartel Hector Salamanca
64%
Gringo Boss Walter White
64%
Fils de Andrea Brock Cantillo
63%
Partenaire de W. Jesse Pinkman
63%
La belle-soeur Marie Schrader
63%
Ex de J. Andrea Cantillo
62%
Femme de celui de droite Skyler White
62%
Distributeur du cartel Tuco Salamanca
59%
Fils de celui de gauche Walter White Jr.
59%
Distributeur de meth Krazy-8
54%
Ancien chef du cartel Lalo Salamanca
54%
Ami de J. Skinny Pete
53%
Ami de J. Combo
52%
Distributrice de meth Lydia Rodart-Quayle
52%
Agent de la DEA Steven Gomez
50%
Chef de gang Jack Welker
48%
Co-fondateur de Gray Matter Elliott Schwartz
46%
Fille de celle de gauche Holly White
42%
Lieutenant du cartel et informateur de Gus Nacho Varga
39%
Femme de celui de gauche et co-présidente de Gray Matter Gretchen Schwartz
38%
Membre de l'équipe de sécurité de Los Pollos Hermanos Victor
38%
Ancien patron de W. Bogdan Wolynetz
37%
Membre du cartel et informateur de la DEA Tortuga
37%
Don Juan Bolsa
34%
Tueurs à gages du cartel Les Cousins
34%
Ancien chef du cartel Eladio Vuente
32%
Fabricant de meth Emilio Koyama
30%
Ami de W. Junior Louis Corbett
30%
Membre de la sécurité de Los Pollos Hermanos Tyrus Kitt
29%
Voisine des White Carol
26%
Secrétaire chez Saul Goodman Associates Francesca Liddy
23%
Employé chez Saul Goodman Associates Patrick Kuby
21%
Petite-fille de celui à droite Kaylee Ehrmantraut
18%
Concierge du Lycée J.P. Wynne Hugo Archilleya
17%
Frère de J. Jake Pinkman
17%
Ancien partenaire Gus Max Arciniega
17%
Frère de Andrea Tomás Cantillo
17%
Droguée et prostituée Wendy
16%
Lieutenant du cartel Gonzo
15%
Directrice du Lycée J.P. Wynne Carmen Molina
13%
La victime du tueur d'enfant Drew Sharp
13%
Patron de Golden Moth Chemical Duane Chow
13%
Père de celle de droite Donald Margolis
12%
Serrurier Adam
11%
Père de J. Adam Pinkman
11%
Mère de J. Diane Pinkman
11%
Distributeur de meth Declan
10%
Vendeur d'aspirateurs et extracteur Ed Galbraith
9%
Lieutenant du cartel No-Doze
9%
Drogué écrasé par un ATM Spooge
9%
Serveuse chez Loyola's Fran
8%
Femme de celui de droite Blanca Gomez
7%
Mécanicien et cousin de Badger Clovis
7%
Propriétaire de la casse Old Joe
7%
President de la division fast food deMadrigal Electromotive Peter Schuler
7%
Médecin de W. Dr. Delcavoli
5%
Membre de gang Kenny
5%
Belle-fille de celui de gauche Stacey Ehrmantraut
5%
Addict à la drogue Tucker
5%
Élève de W. Chad
4%
Thérapeute Dave
4%
Manager de Lavenderia Brillante Dennis Markowski
4%
Criminel James Kilkelly
4%
Petit-fils de celui de gauche Joaquin Salamanca
4%
Mère de Combo Mme Ortega
4%
Agent spécial de la DEA Austin Ramey
3%
Vendeur Bob "Vendeur RAKS Building Supply"
3%
Manager chez Los Pollos Hermanos Cynthia
3%
Vendeur illégal de produits pharmaceutiques Daniel Wormald
3%
Fille de celle de droite Kiira Rodart-Quayle
3%
Docteur Barry Goodman
2%
Caissière et cliente de J. Cara
2%
Avocat Dan Wachsberger
2%
Ancien directeur de la DEA de Albuquerque George Merkert
2%
Manager de Vamonos Pest Ira
2%
Employée chez Los Pollos Hermanos Jill
2%
Voisine des White Rebecca Simmons
2%
Élève de W. Ben
1%
Mécanicien Benny
1%
Tueur pour Los Pollos Hermanos Chris Mara
1%
Tueur du cartel Gaff
1%
Secrétaire à la DEA Janice
1%
Membre de gang Lester
1%
Caissier chez A1A Car Wash Mariano
1%
Garde du corps du cartel Miguel
1%
Mère de Andrea Mrs. Cantillo
1%
Contremaître dans un entrepot Ron Forenall
1%
Officier de la APD Saxton
1%
Employé chez Los Pollos Hermanos Tim
1%
Détéctive au département de police d'Albuquerque Tim Roberts
1%
Serveur chez Garduños Trent
1%
Tueur pour Los Pollos Hermanos Andrew Holt
0%
CEO de Adobe Hotel Andrew Kaufman
0%
Tueur chez Los Pollos Hermanos Anthony Perez
0%
Client Saul Goodman Antonio
0%
Agent DEA Artie
0%
Présentatrice TruTV Ashleigh Banfield
0%
Élève du Lycée J.P. Wynne Barry
0%
Chimiste du cartel Benicio Fuentes
0%
Garde de nuit Billy
0%
Employé chez Los Pollos Hermanos Bob
0%
Officier de police de Santa Ana Bobby Kee
0%
Secrétaire à Hamlin, Hamlin & McGill Brenda
0%
Infirmière en maison de repos Careviger
0%
Officier de la APD Cavanaugh
0%
Présentateur de talk show Charlie Rose
0%
Physiothérapeute de Hank Chuck
0%
Reporter pour Channel 24 news Dana Cortez
0%
Nounou Delores
0%
Employée chez Cradock Marine Bank Dorothy Yobs
0%
Médecin de W. Dr. Belknap
0%
Psychiatre Dr. Chavez
0%
Docteur de W. Dr. Soper
0%
Chirurgien de W. Dr. Victor Bravenec
0%
Ancien collègue de W. Farley
0%
Fumigateur chez Vamonos Pest Fernando
0%
Membre de gang Frankie
0%
Cancéreux Gary
0%
Officier de police Getz
0%
Tante de J. Ginny
0%
Homme de main de Gus Harris Bolvin
0%
Agent de la DEA Harry Lipenstein
0%
Fils de celui de droite Henry Tyree
0%
Président de Madrigal Electromotive GmbH Herzog
0%
Ami de W. Irving
0%
Tueur chez Los Pollos Hermanis Jack McGann
0%
Agent spéciale de l'IRIS CID James Picarus
0%
Présentateur de KOB Jeff Maher
0%
Étudiant Jock
0%
Agente immobilière Jodi Nichols
0%
Détéctive au bureaud de police de Albuquerque Kalanchoe
0%
Marchand d'armes Lawson
0%
Employée de supermarché Lucy
0%
Résidente d'un camping-car Ma Kettle
0%
Receptionniste chez Beneke Fabricators Margaret
0%
Présentatrice de KOB Marla Tellez
0%
Agent immobilier Michael Kilbourne
0%
Manager du centre de cancérologie Mme Hansen
0%
Thérapiste de groupe Mme Pope
0%
Avocat des Pinkman Mr. Gardiner
0%
Employé d'une boutique de bijoux Mr. Wilson
0%
Détéctive au département de police de Albuquerque Munn
0%
Acolyte de Gus Nick
0%
Résident d'un camping-car Pa Kettle
0%
Avocate Pamela Orbic
0%
Patron de l'agence immobilière Canterna Paul Canterna
0%
Ami de J. Paul Tyree
0%
Secrétaire à la Golden Moth Chemical Peng
0%
Tueur chez Los Pollos Hermanos Raymond Martinez
0%
Détéctive à la APD Ricky
0%
Addict à la drogue Russell
0%
Fumigateur chez Vamonos Pest Sandor
0%
Femme de celui de gauche Sara Tyree
0%
Agent de la DEA Scott Hoffman
0%
Addict à la drogue Sketchy
0%
Ami de W. Junior Soren
0%
Agente immobilière Stephanie Doswell
0%
Contrôleur du trafic aérien Stew
0%
Dealer Thug Buddy
0%
Secrétaire chez Peter Schuler, Madrigal Electromotive GmbH Tromel
0%
Agent de la DEA Vanco
0%
Agent de la DEA Van Oster
0%
Conducteur chez SFSR 0927 Wallace
0%
Tueur chez Los Pollos Hermanos William Moniz
0%
Aucun quiz correspondant
Distribution des résultats
% des personnes avec chaque résultat
Percentile par nombre de réponses
Votre historique - résultats
Vous n’avez pas pris ce quiz